000 00826nam a2200205 a 4500
003 0
005 20250611132846.0
008 030603s19uu xx 00 eng d
050 _aPGS LB 1049
_b.Sa182 1999
100 _aSalvador, Ma. Richelle Corazon B.
245 _aThe study habits of the grade 6 students of Southville International School /
_cMa. Richelle Corazon B. Salvador.
260 _aLas PiƱas City, Philippines :
_bSouthville International School and Colleges,
_c1999.
300 _a34 pages :
_billustrations ;
_c28 cm.
504 _aIncludes bibliographical references.
650 _aStudy habits
_vElementary school students.
650 _aStudy skills
_vJuvenile literature.
650 _aAcademic achievement
_vElementary school students.
650 _aStudents
_vTime management.
942 _2lcc
_cPASS
999 _c96146
_d96146